00637nam a2200169Ia 4500008004100000020001800041041000800059082001700067100002900084245012500113250000600238260003900244300001600283650002300299999001900322952012600341210716s2011 xx 000 0 und d a9788132105015 aeng a658.406 MASO aMascarenhas, Oswald A J. aBusiness transformation strategies: the strategic leader as innovation manager.bStrategic leader as innovation manager. a1 aNew DelhibSage Publicationsc2011 axx,657/2010 aGeneral Management c206906d206906 001040708MBAaAIMITbAIMITd2011-11-04g750.00l0o658.406 MASOpMBA09472r2026-05-23 00:00:00v562.50w2021-07-16yBK